000 00353nam a2200145Ia 4500
008 150201s2005 xx 000 0 und d
082 _a616.8
_bP2005S
100 _aSTURAT,GAIL
245 _aPRINCIPLES & PRACTICE OF PSYCHIATRIC NURSING
250 _a8TH
260 _bELSEVIER
_aDELHI
_c2005
300 _a1-891
650 _aNURSING
942 _2ddc
_cBK
999 _c4093
_d4093